The humanistic tradition / (Record no. 4841)
[ view plain ]
| 000 -LEADER | |
|---|---|
| fixed length control field | 03106nam a22004217i 4500 |
| 003 - CONTROL NUMBER IDENTIFIER | |
| control field | URS |
| 005 - DATE AND TIME OF LATEST TRANSACTION | |
| control field | 20220117120538.0 |
| 008 - FIXED-LENGTH DATA ELEMENTS--GENERAL INFORMATION | |
| fixed length control field | 180306b xxu||||| |||| 00| 0 eng d |
| 010 ## - LIBRARY OF CONGRESS CONTROL NUMBER | |
| LC control number | 2005052239 |
| 020 ## - INTERNATIONAL STANDARD BOOK NUMBER | |
| International Standard Book Number | 9780072910209 |
| 020 ## - INTERNATIONAL STANDARD BOOK NUMBER | |
| International Standard Book Number | 0072910143 (v. 2 : acidfree paper) |
| 020 ## - INTERNATIONAL STANDARD BOOK NUMBER | |
| International Standard Book Number | 0073252255 (v. 2 with DVD : acidfree paper) |
| 020 ## - INTERNATIONAL STANDARD BOOK NUMBER | |
| International Standard Book Number | 0072910143 (component of v. 2 with DVD : acidfree paper) |
| 020 ## - INTERNATIONAL STANDARD BOOK NUMBER | |
| International Standard Book Number | 0073136433 (DVD component of v. 2 with DVD : acidfree paper) |
| 020 ## - INTERNATIONAL STANDARD BOOK NUMBER | |
| International Standard Book Number | 0072910119 (bk. 3 : acidfree paper) |
| 020 ## - INTERNATIONAL STANDARD BOOK NUMBER | |
| International Standard Book Number | 0072910100 (bk. 4 : acidfree paper) |
| 020 ## - INTERNATIONAL STANDARD BOOK NUMBER | |
| International Standard Book Number | 9780072910209 (bk. 5 : acidfree paper) |
| 020 ## - INTERNATIONAL STANDARD BOOK NUMBER | |
| International Standard Book Number | 0072910232 (bk. 6 : acidfree paper) |
| 040 ## - CATALOGING SOURCE | |
| Original cataloging agency | DLC |
| Description conventions | rda |
| Transcribing agency | URS |
| Modifying agency | DLC |
| Language of cataloging | eng |
| 042 ## - AUTHENTICATION CODE | |
| Authentication code | pcc |
| 050 14 - LIBRARY OF CONGRESS CALL NUMBER | |
| Classification number | CB245 |
| Item number | .F47 2006 |
| 100 1# - MAIN ENTRY--PERSONAL NAME | |
| Personal name | Fiero, Gloria K. |
| 245 14 - TITLE STATEMENT | |
| Title | The humanistic tradition / |
| Statement of responsibility, etc. | Gloria K. Fiero .-- |
| 250 ## - EDITION STATEMENT | |
| Edition statement | Fifth edition .-- |
| 264 #1 - PRODUCTION, PUBLICATION, DISTRIBUTION, MANUFACTURE, AND COPYRIGHT NOTICE | |
| Place of production, publication, distribution, manufacture | Boston : |
| Name of producer, publisher, distributor, manufacturer | McGraw Hill, |
| Date of production, publication, distribution, manufacture, or copyright notice | [2006] |
| 264 #4 - PRODUCTION, PUBLICATION, DISTRIBUTION, MANUFACTURE, AND COPYRIGHT NOTICE | |
| Date of production, publication, distribution, manufacture, or copyright notice | ©2006 |
| 300 ## - PHYSICAL DESCRIPTION | |
| Extent | 6 v, 178 pages : |
| Other physical details | illustrations (some col.), colored maps ; |
| Dimensions | 28 cm |
| 336 ## - CONTENT TYPE | |
| Content type term | text |
| Content type code | txt |
| Source | rdacontent |
| 337 ## - MEDIA TYPE | |
| Media type term | unmediated |
| Media type code | n |
| Source | rdamedia |
| 338 ## - CARRIER TYPE | |
| Carrier type term | volume |
| Carrier type code | nc |
| Source | rdacarrier |
| 504 ## - BIBLIOGRAPHY, ETC. NOTE | |
| Bibliography, etc. note | Includes bibliographical references and indexes. |
| 505 0# - FORMATTED CONTENTS NOTE | |
| Formatted contents note | v. 1. Prehistory to the modern world -- volume 2. The early modern world to the present -- book 3. The European Renaissance, the Reformation and global encounter -- book 4. Faith, reason, and power in the early modern world -- book 5. Romanticism, realism, and the nineteenth-century world -- book 6. Modernism, globalism, and the information age. |
| 650 #0 - SUBJECT ADDED ENTRY--TOPICAL TERM | |
| Topical term or geographic name entry element | Civilization, Western |
| General subdivision | History |
| Form subdivision | Textbooks. |
| 650 #0 - SUBJECT ADDED ENTRY--TOPICAL TERM | |
| Topical term or geographic name entry element | Humanism |
| General subdivision | History |
| Form subdivision | Textbooks. |
| 906 ## - LOCAL DATA ELEMENT F, LDF (RLIN) | |
| a | 7 |
| b | cbc |
| c | orignew |
| d | 1 |
| e | ocip |
| f | 20 |
| g | y-gencatlg |
| 942 ## - ADDED ENTRY ELEMENTS (KOHA) | |
| Source of classification or shelving scheme | Library of Congress Classification |
| Koha item type | Foreign Books |
| Withdrawn status | Source of classification or shelving scheme | Damaged status | Not for loan | Collection code | Home library | Current library | Shelving location | Date acquired | Total Checkouts | Full call number | Barcode | Date last seen | Price effective from | Koha item type | Source of acquisition | Copy number |
|---|---|---|---|---|---|---|---|---|---|---|---|---|---|---|---|---|
| Library of Congress Classification | Angono College Library | Angono College Library | Foreign Section | 03/17/2026 | CB245 .F463h 2006 | URSANG-2520 | 03/17/2026 | 03/17/2026 | Foreign Books | |||||||
| Library of Congress Classification | Angono College Library | Angono College Library | Foreign Section | 03/17/2026 | CB245 .F463 2006 | URSANG-2521 | 03/17/2026 | 03/17/2026 | Foreign Books | 1 | ||||||
| Library of Congress Classification | Angono College Library | Angono College Library | Foreign Section | 03/17/2026 | CB245 .F463 2006 | URSANG-2522 | 03/17/2026 | 03/17/2026 | Foreign Books | 2 | ||||||
| Library of Congress Classification | Non-fiction | Antipolo College Library | Antipolo College Library | On Display | 03/06/2018 | CB245 .F47 2006 | URSANT-03682 | 03/06/2018 | 03/06/2018 | Foreign Books | ||||||
| Library of Congress Classification | Non-fiction | Antipolo College Library | Antipolo College Library | On Display | 03/06/2018 | CB245 .F47 2006 | URSANT-03681 | 03/06/2018 | 03/06/2018 | Foreign Books | ||||||
| Library of Congress Classification | Reference | Morong College Library | Morong College Library | 02/24/2015 | CB 245 .F47 2006 | URSMOR-CL-25327 | 02/24/2015 | 01/16/2023 | Foreign Books | |||||||
| Library of Congress Classification | Reference | Morong College Library | Morong College Library | 02/24/2015 | CB 245 .F47 2006 | URSMOR-CL-25328 | 02/24/2015 | 01/16/2023 | Foreign Books | |||||||
| Library of Congress Classification | Reference | Morong College Library | Morong College Library | 02/24/2015 | CB 245 .F47 2006 | URSMOR-CL-25329 | 02/24/2015 | 01/16/2023 | Foreign Books | |||||||
| Library of Congress Classification | Reference | Morong College Library | Morong College Library | 02/24/2015 | CB 245 .F47 2006 | URSMOR-CL-25330 | 02/24/2015 | 01/16/2023 | Foreign Books | |||||||
| Library of Congress Classification | Reference | Morong College Library | Morong College Library | 02/24/2015 | CB 245 .F47 2006 | URSMOR-CL-25325 | 02/24/2015 | 01/16/2023 | Foreign Books | |||||||
| Library of Congress Classification | Reference | Morong College Library | Morong College Library | 02/24/2015 | CB 245 .F47 2006 | URSMOR-CL-25326 | 02/24/2015 | 01/16/2023 | Foreign Books | |||||||
| Library of Congress Classification | Reference | Morong College Library | Morong College Library | 06/30/2022 | CB 245 .F47 2006 | URSMOR-CL-25331 | 06/30/2022 | 01/16/2023 | Foreign Books | |||||||
| Library of Congress Classification | Reference | Morong College Library | Morong College Library | 06/30/2022 | CB 245 .F47 2006 | URSMOR-CL-25322 | 06/30/2022 | 01/16/2023 | Foreign Books | |||||||
| Library of Congress Classification | Reference | Morong College Library | Morong College Library | 01/16/2023 | CB 245 .F47 2006 | URSMOR-CL-25323 | 06/30/2022 | 01/16/2023 | Foreign Books | |||||||
| Library of Congress Classification | Reference | Morong College Library | Morong College Library | 06/30/2022 | CB 245 .F47 2006 | URSMOR-CL-25321 | 06/30/2022 | 01/16/2023 | Foreign Books | |||||||
| Library of Congress Classification | Non-fiction | Pililla College Library | Pililla College Library | General Stacks | 01/12/2017 | 909.09821 F45 2006 | URSPIL-2608 | 07/24/2018 | 01/12/2017 | Foreign Books | purchased | 1 | ||||
| Library of Congress Classification | Non-fiction | Pililla College Library | Pililla College Library | General Stacks | 01/12/2017 | 909.09821 F45 2006 | URSPIL-2609 | 07/24/2018 | 01/12/2017 | Foreign Books | purchased | 2 | ||||
| Library of Congress Classification | Non-fiction | Pililla College Library | Pililla College Library | General Stacks | 01/12/2017 | 909.09821 F45 2006 | URSPIL-2610 | 07/24/2018 | 01/12/2017 | Foreign Books | purchased | 3 | ||||
| Library of Congress Classification | Rodriguez College Library | Rodriguez College Library | Processing Center | 04/29/2017 | CB245 F463 2006 | URSROD-3474 | 04/29/2017 | 04/29/2017 | Foreign Books | |||||||
| Library of Congress Classification | Rodriguez College Library | Rodriguez College Library | Reference | 04/29/2017 | CB245 F463 2006 | URSROD-3476 | 04/29/2017 | 04/29/2017 | Foreign Books |